| 000 | 00643nam a22002177a 4500 | ||
|---|---|---|---|
| 999 |
_c9099 _d9099 |
||
| 003 | AR-CdUCM | ||
| 008 | 190327b ||||| |||| 00| 0 spa d | ||
| 040 |
_aMUNICIPALIDAD PROVINCIAL DEL CUSCO _cBIBLIOTECA MUNICIPAL DEL CUSCO |
||
| 041 | _hita | ||
| 082 |
_a264 / _bD15 |
||
| 100 |
_aDagnino, Amato _925100 |
||
| 245 | _aEl Canto de la Fe y e la Inevidencia / | ||
| 260 |
_aMadrid : _bEdiciones Paulinas ; _c1971. |
||
| 300 |
_a341 páginas ; _c18cm |
||
| 505 | _aContenido: Religión | ||
| 650 |
_aReligión _91195 |
||
| 650 |
_aCulto _916636 |
||
| 700 |
_aFuentenebro, F. (traducción) _925101 |
||
| 942 |
_2ddc _cLIBROS |
||
| 945 | _anom | ||